书目信息 |
| 题名: |
电子产品制作工艺与实训
|
|
| 作者: | 廖芳 , 熊增举 主编 | |
| 分册: | ||
| 出版信息: | 北京 电子工业出版社 2016.7 |
|
| 页数: | 10,327页 | |
| 开本: | 26cm | |
| 丛书名: | ||
| 单 册: | ||
| 中图分类: | TN05 | |
| 科图分类: | ||
| 主题词: | 电子工业--产品--生产工艺--高等职业教育--教材 | |
| 电子资源: | ||
| ISBN: | 978-7-121-28836-4 | |
| 000 | 01020nam0 2200265 450 | |
| 001 | 0400003576 | |
| 005 | 20171025151431.73 | |
| 010 | @a978-7-121-28836-4@dCNY44.00 | |
| 100 | @a20160908e2016 em y0chiy50 ea | |
| 101 | 0 | @achi |
| 102 | @aCN@b110000 | |
| 105 | @aa z 000yy | |
| 106 | @ar | |
| 200 | 1 | @a电子产品制作工艺与实训@9dian zi chan pin zhi zuo gong yi yu shi xun@f廖芳,熊增举主编 |
| 205 | @a第4版 | |
| 210 | @a北京@c电子工业出版社@d2016.7 | |
| 215 | @a10,327页@c图@d26cm | |
| 300 | @a“十二五”职业教育国家规划教材 新编高等职业教育电子信息、机电类规划教材·应用电子技术专业 | |
| 330 | @a本书分为七个项目进行知识的分解:常用电子元器件及其检测、电子产品制作的准备工艺、焊接工艺与技术、电子整机装配与拆卸、调试技术、电子整机的检验防护与生产管理标准、技能操作实训等。 | |
| 606 | 0 | @a电子工业@x产品@x生产工艺@x高等职业教育@j教材 |
| 690 | @aTN05@v5 | |
| 701 | 0 | @a廖芳@9liao fang@4主编 |
| 701 | 0 | @a熊增举@9xiong zeng ju@4主编 |
| 801 | 0 | @aCN@b91MARC@c20171022 |
| 905 | @b1022795-9@dTN05@f5@e136=4 | |
| 电子产品制作工艺与实训/廖芳,熊增举主编.-第4版.-北京:电子工业出版社,2016.7 |
| 10,327页:图;26cm |
| “十二五”职业教育国家规划教材 新编高等职业教育电子信息、机电类规划教材·应用电子技术专业 |
| ISBN 978-7-121-28836-4:CNY44.00 |
| 本书分为七个项目进行知识的分解:常用电子元器件及其检测、电子产品制作的准备工艺、焊接工艺与技术、电子整机装配与拆卸、调试技术、电子整机的检验防护与生产管理标准、技能操作实训等。 |
| ● |
| 相关链接 |
|
|
|
|
正题名:电子产品制作工艺与实训
索取号:TN05/136=4
 
预约/预借
| 序号 | 登录号 | 条形码 | 馆藏地/架位号 | 状态 | 备注 |
| 1 | 1022795 | 210227958 | 第二样本阅览室/ [索取号:TN05/136=4] | 在馆 | |
| 2 | 1022796 | 210227967 | 密集书库-物理学院/ [索取号:TN05/136=4] | 在馆 | |
| 3 | 1022797 | 210227976 | 第三借阅区/ [索取号:TN05/136=4] | 在馆 | |
| 4 | 1022798 | 210227985 | 第三借阅区/ [索取号:TN05/136=4] | 在馆 | |
| 5 | 1022799 | 210227994 | 第三借阅区/ [索取号:TN05/136=4] | 在馆 |